Lo popular como un lugar teológico de encuentro entre la liturgia y la piedad
שמור ב:
| מחבר ראשי: | |
|---|---|
| פורמט: | ספר |
| שפה: | ספרדית |
| יצא לאור: |
Roma
Edizioni Liturgiche
2016
|
| מהדורה: | 1a. ed |
| סדרה: | Bibliotheca Ephemerides Liturgicae Subsidia, 178
|
| נושאים: | |
| תגים: |
הוספת תג
אין תגיות, היה/י הראשונ/ה לתייג את הרשומה!
|
MARC
| LEADER | 00000cam a2200000 a 4500 | ||
|---|---|---|---|
| 001 | UCD7431 | ||
| 003 | CL-VaPUC | ||
| 008 | 170326e20160000it |||||||||||||||||spa|d | ||
| 020 | |a 9788873672098 | ||
| 082 | 0 | 4 | |a 261.1 |b GUZ |2 21 |
| 100 | 0 | |a Guzmán Karadima, Gonzalo Matías |e author |9 591442 | |
| 245 | 1 | 3 | |a Lo popular como un lugar teológico de encuentro entre la liturgia y la piedad |
| 250 | |a 1a. ed | ||
| 300 | |a 407 p | ||
| 942 | |c BK | ||
| 945 | |d 20170326 03:36:00 |a dcastane | ||
| 260 | |a Roma |b Edizioni Liturgiche |c 2016 | ||
| 650 | 0 | |a Doctrina social de la iglesia |9 257333 | |
| 650 | 0 | |a Teología social |9 326726 | |
| 583 | |a last modification |c 20170326 03:36:00 |k Rodrigo Vera | ||
| 490 | 0 | |a Bibliotheca Ephemerides Liturgicae Subsidia, 178 | |
| 999 | |c 367466 |d 367464 | ||
| 952 | |0 0 |1 0 |3 erb |4 0 |6 261_100000000000000_GUZ_2016 |7 0 |8 A |9 482342 |a BIBTEO |b BIBTEO |i 5368340 |o 261.1 GUZ 2016 |p 5368340 |r 2025-01-17 |w 2019-11-24 |y BK |z Catalogado en:20170326 |k ICR | ||